| 000 | 00398nam a22001457a 4500 | ||
|---|---|---|---|
| 005 | 20170117115533.0 | ||
| 008 | 170117b xxu||||| |||| 00| 0 eng d | ||
| 040 | _cPK-LaUMT | ||
| 082 |
_a291.53 _bAJM-R |
||
| 100 | _aاجمل اصغر | ||
| 245 |
_aروزہ اور میڈیکل سائنس _cاجمل اصغر |
||
| 260 |
_aلاہور _bمکتبہ عائشہ _c[ ] |
||
| 300 | _a383 ص | ||
| 942 | _cBK | ||
| 999 |
_c90169 _d90169 |
||